Statistics for Arnold Schwarzenegger Lead Characters

Click here to take the quiz!

General Stats

  • This quiz has been taken 95 times
  • The average score is 7 of 26

Answer Stats

HintAnswer% Correct
Conan the Barbarian/DestroyerConan
88%
Hercules in New YorkHercules
79%
Batman & RobinMr Freeze
79%
Terminator (model number)T-800
67%
PredatorMajor Alan "Dutch" Schaeffer
61%
CommandoColonel John Matrix
44%
Kindergarten CopDetective John Kimble
37%
Total RecallDouglas Quaid / Hauser
36%
Last Action HeroJack Slater
28%
True LiesHarry Tasker
25%
The Running ManBen Richards
24%
Red HeatCaptain Ivan Danko
23%
TwinsJulius Benedict
13%
The ExpendablesTrench Mauser
13%
The VillainHandsome Stranger
12%
Red SonjaKalidor
12%
Raw DealMark Kaminsky / Joseph Brenner
12%
EraserUS Marshal John Kruger
12%
Jingle All the WayHoward Langston
9%
JuniorDr Alex Hesse
8%
End of DaysJericho Cane
8%
The 6th DayAdam Gibson
7%
Collateral DamageGordy Brewer
7%
The Last StandSheriff Ray Owens
3%
Escape PlanEmil Rottmayer / Victor Mannheim
1%
SabotageJohn "Breacher" Wharton
0%

Score Distribution

Percentile by Number Answered

Percent of People with Each Score

Your Score History

You have not taken this quiz